Cultural Studies : Théories et méthodes (notice n° 1568662)
[ vue normale ]
| 000 -LEADER | |
|---|---|
| fixed length control field | 01355cam a2200145 4500500 |
| 005 - DATE AND TIME OF LATEST TRANSACTION | |
| control field | 20251214005108.0 |
| 041 ## - LANGUAGE CODE | |
| Language code of text/sound track or separate title | fre |
| 042 ## - AUTHENTICATION CODE | |
| Authentication code | dc |
| 100 10 - MAIN ENTRY--PERSONAL NAME | |
| Personal name | Cervulle, Maxime |
| Relator term | author |
| 245 00 - TITLE STATEMENT | |
| Title | Cultural Studies : Théories et méthodes |
| 260 ## - PUBLICATION, DISTRIBUTION, ETC. | |
| Name of publisher, distributor, etc. | Armand Colin,<br/> |
| Date of publication, distribution, etc. | 2018.<br/> |
| 520 ## - SUMMARY, ETC. | |
| Summary, etc. | Qu’est-ce que la culture ? Et quels sont les ressorts culturels du changement social ? Le projet critique des Cultural Studies, qui émerge en Grande-Bretagne dans les années 1960 avant de s’internationaliser, est sous-tendu par ce questionnement. L’un de ses traits distinctifs est une définition anthropologique de la culture, mobilisée pour embrasser une multitude d’objets : des représentations médiatiques aux pratiques des publics, des modes de vie aux styles, des identités aux performances. Ces objets sont appréhendés comme autant de lieux de conflictualité, qui activent et déplacent les rapports sociaux de classe, de genre, de race et de sexualité. En dressant un panorama des multiples champs d’étude qui se sont développés dans le sillage des Cultural Studies, cet ouvrage rend compte de leurs apports théoriques et méthodologiques pour les sciences humaines et sociales. |
| 700 10 - ADDED ENTRY--PERSONAL NAME | |
| Personal name | Quemener, Nelly |
| Relator term | author |
| 856 41 - ELECTRONIC LOCATION AND ACCESS | |
| Uniform Resource Identifier | <a href="https://shs.cairn.info/cultural-studies--9782200621650?lang=fr&redirect-ssocas=7080">https://shs.cairn.info/cultural-studies--9782200621650?lang=fr&redirect-ssocas=7080</a> |
Pas d'exemplaire disponible.




Réseaux sociaux